Príčiny a dôsledky finančnej a hospodárskej krízy

Pohľad na hospodárske cykly a spätosť medzi faktormi, ktoré formujú hospodársky cyklus. Systémové zlyhanie a protikrízové opatrenia. Možné pôsobenie Paktu euro plus - vnútorné protirečenia. Problémy verejných rozpočtov a možné riešenia.

Saved in:
Bibliographic Details
Main Author: Staněk, Peter
Format: Book Chapter
Language:Slovak
Subjects:
Tags: Add Tag
No Tags, Be the first to tag this record!

MARC

LEADER 00000naa$a2200000$$$4500
001 0146266
005 20220819064212.2
041 0 |a slo 
044 |a SK 
245 1 0 |a Príčiny a dôsledky finančnej a hospodárskej krízy  |c Peter Staněk 
520 |a Pohľad na hospodárske cykly a spätosť medzi faktormi, ktoré formujú hospodársky cyklus. Systémové zlyhanie a protikrízové opatrenia. Možné pôsobenie Paktu euro plus - vnútorné protirečenia. Problémy verejných rozpočtov a možné riešenia. 
610 2 0 |a kríza hospodárska 
610 2 0 |a kríza finančná 
610 2 0 |a cykly hospodárske 
610 2 0 |a teórie ekonomické 
610 2 0 |a rozpočty verejné 
100 1 |a Staněk, Peter